[Event "Vizag GM International open"]
[Site "Visakhapatnam"]
[Date "2011.11.27"]
[EventDate "2011.11.24"]
[Round "6.1"]
[Result "1-0"]
[White "Abhijeet Gupta"]
[Black "Evgeny Gleizerov"]
[WhiteElo "2640"]
[BlackElo "2566"]
[PlyCount "69"]

1. d4 e6 2. c4 f5 3. Nc3 Nf6 4. Qc2 Be7 5. Nf3 O-O 6. h3 b6
7. g4 Bb7 8. gxf5 Bxf3 9. exf3 Nc6 10. Be3 e5 11. dxe5 Nxe5
12. Be2 c6 13. O-O-O a6 14. Ne4 b5 15. c5 Nd5 16. Bd4 Bg5+
17. Kb1 Bf4 18. Nd6 Nf7 19. Rhg1 Nf6 20. Ne4 Be5 21. Be3 Nd5
22. f4 Nxf4 23. Bxf4 Bxf4 24. Rxd7 Qh4 25. Bh5 Be5 26. Bxf7+
Rxf7 27. Rxf7 Kxf7 28. Ng5+ Kf6 29. Rg4 Qh5 30. f4 Bxf4
31. Qc3+ Be5 32. Ne4+ Kxf5 33. Ng3+ Bxg3 34. Qf3+ Bf4
35. Rxf4+ 1-0

[Event "Vizag GM International Open"]
[Site "Visakhapatnam"]
[Date "2011.12.01"]
[EventDate "2011.11.24"]
[Round "11.1"]
[Result "1-0"]
[White "Tigran Levonovich Petrosian"]
[Black "Abhijeet Gupta"]
[WhiteElo "2636"]
[BlackElo "2640"]
[PlyCount "105"]

1. e4 e5 2. Nf3 Nc6 3. Bb5 Nf6 4. d3 Bc5 5. c3 O-O 6. O-O d6
7. Bg5 h6 8. Bh4 g5 9. Bg3 Nh5 10. Nbd2 Qf6 11. a4 Nxg3
12. hxg3 a6 13. Bxc6 bxc6 14. d4 Ba7 15. dxe5 dxe5 16. Nc4 Re8
17. Nh2 Be6 18. Ng4 Qg7 19. Qe2 Qg6 20. Na5 Bxg4 21. Qxg4 Re6
22. Qf5 h5 23. Qxg6+ Rxg6 24. Nc4 g4 25. Rad1 Re6 26. Rd7 Rc8
27. Rfd1 Rf6 28. R1d2 h4 29. R7d3 Re8 30. gxh4 Rf4 31. Re2 f5
32. Nd2 Rf8 33. g3 Rxf2 34. Rxf2 Bxf2+ 35. Kg2 Be1 36. exf5
Bxd2 37. Rxd2 Rxf5 38. Re2 c5 39. Rf2 Rh5 40. Rf6 Kg7 41. Rxa6
Rf5 42. a5 Rf3 43. Re6 Re3 44. a6 Re2+ 45. Kg1 Rxb2 46. Rxe5
Ra2 47. Rxc5 Rxa6 48. Rg5+ Kh6 49. Rxg4 Ra2 50. Rg5 Rh2
51. Rc5 Kg6 52. Rxc7 Kh5 53. Rg7 1-0

[Event "21st Kavala Open A"]
[Site "Kavala GRE"]
[Date "2012.07.25"]
[EventDate "2012.07.25"]
[Round "1"]
[Result "1-0"]
[White "Abhijeet Gupta"]
[Black "Vladica Andrejic"]
[WhiteElo "2627"]
[BlackElo "2182"]
[PlyCount "53"]

1. d4 Nf6 2. c4 e5 3. dxe5 Ng4 4. Bf4 Bb4+ 5. Nd2 d6 6. exd6
Qf6 7. e3 Nxf2 8. Kxf2 g5 9. Ne4 Qxb2+ 10. Ne2 gxf4 11. Rb1
fxe3+ 12. Kxe3 Bc5+ 13. Nxc5 Qa3+ 14. Nb3 Bf5 15. Qd5 Be6
16. Qxb7 O-O 17. Qxa8 c6 18. Nd4 Bd7 19. c5 Qxa2 20. Be2 Re8+
21. Kf2 Bg4 22. Rhe1 Bxe2 23. Rxe2 Rxe2+ 24. Nxe2 Qxb1
25. Qxb8+ Kg7 26. d7 Qf5+ 27. Qf4 1-0

[Event "21st Kavala Open A"]
[Site "Kavala GRE"]
[Date "2012.07.26"]
[EventDate "2012.07.25"]
[Round "2"]
[Result "1/2-1/2"]
[White "S Nitin"]
[Black "Abhijeet Gupta"]
[WhiteElo "2417"]
[BlackElo "2627"]
[PlyCount "125"]

1. e4 c5 2. Nf3 d6 3. d4 cxd4 4. Qxd4 a6 5. h3 Nc6 6. Qe3 Nf6
7. c4 g6 8. Be2 Bg7 9. O-O O-O 10. Nc3 Nd7 11. Rd1 Nc5 12. Rb1
Bxc3 13. Qxc3 Nxe4 14. Qe3 Nf6 15. b3 Bf5 16. Ra1 Qc7 17. Bb2
Rad8 18. Qg5 Kg7 19. Bd3 Bxd3 20. Rxd3 e5 21. Rad1 h6 22. Qe3
Rfe8 23. Nh2 b5 24. cxb5 axb5 25. Bc1 Rh8 26. f4 Qe7 27. Bb2
Rhe8 28. Qb6 Ne4 29. Nf3 Rc8 30. fxe5 dxe5 31. Rd7 Qe6
32. Qxb5 Kg8 33. Qb6 Qf5 34. R7d5 Re6 35. Qe3 Qf4 36. Qxf4
exf4 37. Rc1 Rce8 38. Rcd1 Nb4 39. Ra5 Ng3 40. Kh2 Re2 41. Re5
R8xe5 42. Bxe5 g5 43. a4 Nc6 44. Bc3 Rc2 45. Bd2 Rb2 46. Rc1
Nd4 47. Nxd4 Rxd2 48. Nf3 Ra2 49. Rb1 Ne4 50. Re1 Nc5 51. b4
Nxa4 52. Re8+ Kg7 53. Ra8 Nc3 54. Rxa2 Nxa2 55. b5 Nb4 56. b6
Nc6 57. b7 Nb8 58. g3 fxg3+ 59. Kxg3 f5 60. h4 Kg6 61. hxg5
hxg5 62. Nd4 Kf6 63. Nf3 1/2-1/2

[Event "21st Kavala Open A"]
[Site "Kavala GRE"]
[Date "2012.07.27"]
[EventDate "2012.07.25"]
[Round "3"]
[Result "1-0"]
[White "Abhijeet Gupta"]
[Black "Sinisa Saric"]
[WhiteElo "2627"]
[BlackElo "2462"]
[PlyCount "53"]

1. d4 Nf6 2. c4 g6 3. Nc3 Bg7 4. e4 d6 5. f3 a6 6. Be3 c6
7. e5 Nfd7 8. exd6 exd6 9. Qd2 O-O 10. O-O-O b5 11. Bh6 Nb6
12. h4 bxc4 13. Bxg7 Kxg7 14. h5 Kg8 15. g4 d5 16. Bh3 N8d7
17. f4 Nf6 18. Nf3 Ne4 19. Nxe4 dxe4 20. Ne5 c3 21. Qxc3 Nd5
22. Qc5 Nxf4 23. Nxc6 Qe8 24. Ne7+ Kg7 25. h6+ Kh8 26. Rhf1 g5
27. Qxg5 1-0

[Event "21st Kavala Open A"]
[Site "Kavala GRE"]
[Date "2012.07.28"]
[EventDate "2012.07.25"]
[Round "5"]
[Result "1-0"]
[White "Abhijeet Gupta"]
[Black "Tornike Sanikidze"]
[WhiteElo "2627"]
[BlackElo "2596"]
[PlyCount "79"]

1. d4 d5 2. c4 e6 3. Nc3 Bb4 4. a3 Bxc3+ 5. bxc3 c5 6. cxd5
exd5 7. e3 Nf6 8. Bd3 O-O 9. Ne2 b6 10. O-O Ba6 11. Ng3 Bxd3
12. Qxd3 Re8 13. f3 Nc6 14. Bb2 Rc8 15. Rad1 Na5 16. e4 Nc4
17. Bc1 cxd4 18. cxd4 Nd7 19. e5 b5 20. f4 f6 21. Qf3 Nf8
22. exf6 Qxf6 23. Qxd5+ Kh8 24. Qxb5 Ne3 25. Bxe3 Rxe3 26. f5
Rxa3 27. Ne4 Qb6 28. Qe5 Ra5 29. Qg3 Qc7 30. Qg4 Nd7 31. Qh4
Ra6 32. Ng5 Nf6 33. Ne6 Qe7 34. Rfe1 Qf7 35. Rc1 Rxc1 36. Rxc1
Qb7 37. Qg3 h6 38. h3 Ng8 39. Rc7 Qb1+ 40. Kh2 1-0

[Event "21st Kavala Open A"]
[Site "Kavala GRE"]
[Date "2012.07.29"]
[EventDate "2012.07.25"]
[Round "6"]
[Result "1/2-1/2"]
[White "Surya Shekhar Ganguly"]
[Black "Abhijeet Gupta"]
[WhiteElo "2627"]
[BlackElo "2627"]
[PlyCount "29"]

1. d4 Nf6 2. c4 g6 3. f3 Nc6 4. d5 Ne5 5. e4 d6 6. Nc3 Bg7
7. f4 Ned7 8. Nh3 O-O 9. Be2 Nc5 10. Nf2 e6 11. O-O exd5
12. cxd5 c6 13. dxc6 bxc6 14. Be3 Nfxe4 15. Nfxe4 1/2-1/2

[Event "Kolkata Open"]
[Site "Kolkata IND"]
[Date "2012.12.12"]
[EventDate "2012.12.03"]
[Round "10.14"]
[Result "1-0"]
[White "Abhijeet Gupta"]
[Black "Roy Saptarshi"]
[WhiteElo "2662"]
[BlackElo "2402"]
[PlyCount "99"]

1. d4 d6 2. e4 e5 3. dxe5 dxe5 4. Qxd8+ Kxd8 5. Bc4 f6 6. Be3
c6 7. Nd2 Kc7 8. a4 Nd7 9. Nb3 a5 10. Nf3 Bd6 11. Ke2 Ne7
12. Rhd1 b6 13. Rd3 Ba6 14. Bxa6 Rxa6 15. Rad1 Nc8 16. Nfd2
Rd8 17. Nc4 Nf8 18. f4 Ne6 19. f5 Nf8 20. g4 h6 21. h4 Be7
22. Rxd8 Bxd8 23. g5 hxg5 24. hxg5 Nd7 25. g6 Be7 26. Rh1 Ra8
27. Rh8 Bf8 28. Kf3 Rb8 29. Nbd2 Ra8 30. Nb3 Rb8 31. Rh7 Nd6
32. Nxd6 Kxd6 33. Rh8 c5 34. Rg8 Ke7 35. Nd2 b5 36. axb5 Rxb5
37. b3 Rb4 38. c3 Rb8 39. Ke2 Ra8 40. Nc4 Ra6 41. Kd3 Ke8
42. Nb2 Rb6 43. Na4 Rxb3 44. Nxc5 Rb8 45. Nxd7 Kxd7 46. Bc5
Bd6 47. Rxg7+ Kc6 48. Bxd6 Rd8 49. Ke2 Rxd6 50. Ra7 1-0

[Event "8 Agzamov Memorial"]
[Site "Tashkent"]
[Date "2014.05.16"]
[EventDate "2014.05.16"]
[Round "2.7"]
[Result "0-1"]
[White "Elbek Alikulov"]
[Black "Abhijeet Gupta"]
[WhiteElo "2201"]
[BlackElo "2619"]
[PlyCount "128"]

1. e4 c5 2. Nf3 e6 3. d4 cxd4 4. Nxd4 Nc6 5. Nc3 Qc7 6. Be3 a6
7. Qd2 Nf6 8. O-O-O Be7 9. f3 b5 10. g4 Nxd4 11. Qxd4 Bb7
12. Rg1 Rc8 13. Rg2 e5 14. Qb6 Qxb6 15. Bxb6 b4 16. Na4 Bc6
17. b3 Bxa4 18. bxa4 Rc6 19. a5 h6 20. Bxa6 Bc5 21. Rgd2 Bxb6
22. axb6 Ke7 23. Kb2 d6 24. Bb5 Rxb6 25. Ba4 Ra8 26. Bb3 Nd7
27. Bd5 Ra3 28. Rd3 Ra5 29. Rb1 Nc5 30. Re3 Na4+ 31. Kc1 Rc5
32. Rd3 Nc3 33. Ra1 Ne2+ 34. Kb2 Nf4 35. Rd2 h5 36. gxh5 Nxh5
37. Bb3 Ra6 38. Rd3 Nf4 39. Re3 Rac6 40. a3 bxa3+ 41. Rxa3 Kf6
42. Ra1 g6 43. c3 Rb6 44. Kc2 Rcb5 45. Rb1 Ne6 46. Ba2 Rxb1
47. Bxb1 Kg5 48. Ba2 Kf4 49. Re1 Ng5 50. Rf1 f6 51. Bc4 Rc6
52. Bb5 Rc5 53. Be8 d5 54. exd5 Rxd5 55. Bxg6 Nxf3 56. h4 e4
57. h5 Rd2+ 58. Kc1 e3 59. h6 e2 60. Rh1 Rd8 61. h7 e1=Q+
62. Rxe1 Nxe1 63. Bf7 Rh8 64. Bg8 Nf3 0-1

[Event "8 Agzamov Memorial"]
[Site "Tashkent"]
[Date "2014.05.17"]
[EventDate "2014.05.16"]
[Round "3.7"]
[Result "1-0"]
[White "Abhijeet Gupta"]
[Black "Ahmed Abdulsattar A Abdulwahhab"]
[WhiteElo "2619"]
[BlackElo "2251"]
[PlyCount "57"]

1. c4 Nf6 2. Nf3 g6 3. Nc3 Bg7 4. d4 O-O 5. e4 d6 6. h3 e5
7. d5 a5 8. g4 Na6 9. Be3 Nd7 10. Rg1 Ndc5 11. h4 Kh8 12. h5
gxh5 13. g5 Bg4 14. Be2 f5 15. Nh4 fxe4 16. Bxg4 hxg4 17. Qxg4
Nd3+ 18. Kd2 Nxb2 19. Ng6+ Kg8 20. Nxf8 Nxc4+ 21. Ke2 Qxf8
22. Nxe4 Nxe3 23. fxe3 Nb4 24. Nf6+ Bxf6 25. gxf6+ Kh8 26. Rh1
Qf7 27. Rxh7+ Qxh7 28. Rh1 Rg8 29. Rxh7+ 1-0

[Event "8 Agzamov Memorial"]
[Site "Tashkent"]
[Date "2014.05.18"]
[EventDate "2014.05.16"]
[Round "4.2"]
[Result "1/2-1/2"]
[White "Yuri Kuzubov"]
[Black "Abhijeet Gupta"]
[WhiteElo "2648"]
[BlackElo "2618"]
[PlyCount "77"]

1. c4 Nf6 2. d4 g6 3. Nc3 d5 4. cxd5 Nxd5 5. Bd2 Nb6 6. e4 Bg7
7. Be3 O-O 8. h3 e5 9. Nf3 exd4 10. Bxd4 Nc6 11. Bxg7 Kxg7
12. Bb5 Qxd1+ 13. Rxd1 Bd7 14. Na4 Nxa4 15. Rxd7 Nc5 16. Rxc7
Rac8 17. Rxc8 Rxc8 18. O-O Nxe4 19. Rc1 Rd8 20. Bxc6 bxc6
21. g4 c5 22. Kg2 f5 23. Rc4 Rb8 24. Rc2 Kf6 25. Nh2 h5 26. b3
Rd8 27. Nf1 Rd3 28. gxh5 gxh5 29. Ng3 Nxg3 30. fxg3 a5 31. h4
a4 32. bxa4 Ra3 33. Rc4 Rxa2+ 34. Kf3 Ra3+ 35. Kf4 Ra2
36. Rxc5 Rxa4+ 37. Kf3 Ra3+ 38. Kf4 Ra4+ 39. Kf3 1/2-1/2

[Event "8 Agzamov Memorial"]
[Site "Tashkent"]
[Date "2014.05.19"]
[EventDate "2014.05.16"]
[Round "5.4"]
[Result "1/2-1/2"]
[White "Abhijeet Gupta"]
[Black "Anton Filippov"]
[WhiteElo "2619"]
[BlackElo "2619"]
[PlyCount "53"]

1. d4 f5 2. g3 Nf6 3. Bg2 g6 4. Nh3 Bg7 5. Nf4 Nc6 6. d5 Ne5
7. h4 c6 8. Nc3 e6 9. dxe6 dxe6 10. Qxd8+ Kxd8 11. h5 Ke7
12. h6 Bf8 13. e4 Nf7 14. Nd3 Ng4 15. f3 Ngxh6 16. Be3 e5
17. O-O-O Bg7 18. Bc5+ Ke8 19. exf5 Bxf5 20. g4 Bxd3 21. Rxd3
b6 22. Be3 Rd8 23. Rxd8+ Kxd8 24. Ne4 Ng8 25. f4 Ne7 26. fxe5
Bxe5 27. Rf1 1/2-1/2

[Event "8 Agzamov Memorial"]
[Site "Tashkent"]
[Date "2014.05.20"]
[EventDate "2014.05.16"]
[Round "6.5"]
[Result "0-1"]
[White "Vladimir Egin"]
[Black "Abhijeet Gupta"]
[WhiteElo "2395"]
[BlackElo "2619"]
[PlyCount "62"]

1. e4 c5 2. Nf3 d6 3. Bb5+ Nd7 4. O-O a6 5. Bd3 Ngf6 6. c3 b5
7. Bc2 Bb7 8. Re1 c4 9. b3 e5 10. bxc4 bxc4 11. Na3 Rc8
12. Rb1 Ba8 13. Qe2 Qc7 14. Bb2 Be7 15. d3 cxd3 16. Bxd3 Nc5
17. Nd2 Bb7 18. Nac4 O-O 19. f3 d5 20. exd5 Nxd3 21. Qxd3 Bxd5
22. Rxe5 Rfd8 23. Qf5 Qa7+ 24. Ne3 Bxa2 25. Ra1 g6 26. Qh3 Bd6
27. f4 Bxe5 28. fxe5 Be6 29. Qf3 Rxd2 30. Bc1 Bg4 31. Qf4 Nd5
0-1

[Event "PokerStars IoM Masters"]
[Site "Douglas ENG"]
[Date "2014.10.10"]
[EventDate "2014.10.04"]
[Round "7.6"]
[Result "1-0"]
[White "Abhijeet Gupta"]
[Black "Anatoli Vaisser"]
[WhiteElo "2640"]
[BlackElo "2531"]
[PlyCount "67"]

1. d4 f5 2. g3 Nf6 3. Bg2 e6 4. c4 c6 5. Nf3 d5 6. Bf4 Be7
7. O-O O-O 8. Nbd2 Nh5 9. Be5 Nd7 10. e3 Nhf6 11. Qc2 Ne4
12. Rfd1 g5 13. Ne1 Nxd2 14. Rxd2 Bb4 15. Rdd1 Bxe1 16. Rxe1
Nxe5 17. dxe5 Bd7 18. Red1 Qe7 19. b4 b5 20. cxb5 cxb5 21. Qb2
a5 22. Rd4 Rfc8 23. Bf1 Rc7 24. a4 Rb7 25. bxa5 Rxa5 26. Rb4
Kg7 27. Rb1 Be8 28. axb5 Rb6 29. Qd4 Qc7 30. R4b3 Qb8 31. Rc1
Bxb5 32. Rcb1 Rb7 33. Qb2 Kg6 34. Bxb5 1-0

[Event "Reykjavik Open"]
[Site "Reykjavik ISL"]
[Date "2015.03.15"]
[EventDate "2015.03.10"]
[Round "7.10"]
[Result "0-1"]
[White "Throstur Thorhallsson"]
[Black "Abhijeet Gupta"]
[WhiteElo "2428"]
[BlackElo "2625"]
[PlyCount "100"]

1. e4 c5 2. Nf3 d6 3. d4 cxd4 4. Nxd4 Nf6 5. Nc3 Nc6 6. Bg5 e6
7. Qd2 a6 8. O-O-O Bd7 9. f4 b5 10. Bxf6 gxf6 11. Kb1 Qb6
12. Nxc6 Bxc6 13. f5 b4 14. Ne2 e5 15. Ng3 Qc5 16. Bd3 Ke7
17. Bc4 h5 18. Bd5 h4 19. Bxc6 Qxc6 20. Ne2 a5 21. Nc1 Bh6
22. Qe2 a4 23. Rd3 Rac8 24. Rhd1 Rhd8 25. b3 Rd7 26. bxa4 Qxa4
27. Rb3 Ra7 28. Rb2 Bxc1 29. Kxc1 Rc3 30. Kb1 Rac7 31. Rd5
R7c4 32. Rd3 Qc6 33. Rd5 Qb6 34. Rb3 Qa6 35. Rd3 Rxc2 36. Qxc2
Rxc2 37. Kxc2 Qxa2+ 38. Kd1 Qa6 39. Ke1 Qc4 40. Re3 Qc1+
41. Kf2 d5 42. exd5 Kd6 43. Rbd3 Qc2+ 44. Kf3 e4+ 45. Kxe4 b3
46. Kf4 b2 47. Rb3 Qc4+ 48. Kf3 Qf1+ 49. Kg4 Qxg2+ 50. Kxh4
Qg5+ 0-1

[Event "Nakhchivan Open"]
[Site "Nakhchivan AZE"]
[Date "2015.05.03"]
[EventDate "?"]
[Round "2"]
[Result "1-0"]
[White "Abhijeet Gupta"]
[Black "Irakli Beradze"]
[WhiteElo "2603"]
[BlackElo "2310"]
[PlyCount "41"]

1. Nf3 d5 2. d4 Nf6 3. c4 c6 4. Nc3 dxc4 5. a4 e6 6. e4 Bb4
7. e5 Nd5 8. Bd2 b5 9. h4 h6 10. Rh3 Ba6 11. Rg3 g6 12. Qc1
Qe7 13. Be2 Nd7 14. axb5 Bxb5 15. Kf1 Bxc3 16. bxc3 N7b6
17. Qc2 O-O-O 18. Bc1 Rd7 19. Kg1 Qd8 20. Bf1 Kb8 21. Ba3 1-0

[Event "Nakhchivan Open"]
[Site "Nakhchivan AZE"]
[Date "2015.05.08"]
[EventDate "?"]
[Round "7"]
[Result "1/2-1/2"]
[White "Ulvi Bajarani"]
[Black "Abhijeet Gupta"]
[WhiteElo "2504"]
[BlackElo "2603"]
[PlyCount "75"]

1. d4 Nf6 2. c4 g6 3. Nc3 d5 4. cxd5 Nxd5 5. Bd2 Nb6 6. Bf4
Bg7 7. e3 c5 8. dxc5 Bxc3+ 9. bxc3 Qxd1+ 10. Rxd1 N6d7 11. Bb5
Nc6 12. Nf3 a6 13. Bxc6 bxc6 14. Bc7 O-O 15. Nd4 Nxc5 16. Nxc6
Re8 17. Nxe7+ Rxe7 18. Bd6 Rb7 19. Bxc5 Be6 20. O-O Bxa2
21. Ra1 Bc4 22. Rfd1 a5 23. h3 h5 24. Rd4 Bb3 25. Rb4 Rxb4
26. cxb4 a4 27. Rb1 Bc4 28. Rc1 Bb5 29. Bd4 a3 30. Rc5 Rb8
31. Rc7 Ra8 32. Rc5 Rb8 33. Bf6 a2 34. Kh2 Kf8 35. Rc7 Ra8
36. Ba1 Ke8 37. Rb7 Bc6 38. Rc7 1/2-1/2

[Event "Nakhchivan Open"]
[Site "Nakhchivan AZE"]
[Date "2015.05.09"]
[EventDate "?"]
[Round "8"]
[Result "1/2-1/2"]
[White "Abhijeet Gupta"]
[Black "Luka Paichadze"]
[WhiteElo "2603"]
[BlackElo "2556"]
[PlyCount "119"]

1. Nf3 Nf6 2. c4 e6 3. g3 a6 4. Bg2 b5 5. b3 c5 6. Bb2 Bb7
7. O-O Be7 8. e3 Qb6 9. Nc3 O-O 10. Qe2 Bc6 11. d4 d6 12. dxc5
dxc5 13. cxb5 axb5 14. Ne5 Bxg2 15. Kxg2 Ra5 16. a4 bxa4
17. bxa4 Qb7+ 18. f3 Nc6 19. Nc4 Ra6 20. Nb5 Rfa8 21. Qc2 Nd5
22. e4 Ndb4 23. Qb3 Na5 24. Nxa5 Rxa5 25. Be5 c4 26. Qxc4 Rxa4
27. Rxa4 Rxa4 28. Rc1 h5 29. Kh3 Ra6 30. Qc8+ Qxc8 31. Rxc8+
Kh7 32. Rc7 Nc6 33. f4 Kg6 34. Bc3 Bf6 35. e5 Bd8 36. Rd7 Ba5
37. Bd4 Nxd4 38. Nxd4 Bb4 39. Rc7 Ba5 40. Rc8 Bb4 41. Nf3 Ra7
42. Nd4 Rd7 43. Rc4 Be7 44. Kg2 Rd5 45. h3 Bc5 46. Nf3 f6
47. g4 hxg4 48. hxg4 Kf7 49. Rc2 Be7 50. Rc7 Ke8 51. Rb7 g5
52. exf6 Bxf6 53. fxg5 Bxg5 54. Nxg5 Rxg5 55. Kg3 Kf8 56. Kh4
Rg7 57. Rb4 Kf7 58. Kh5 Rg8 59. Rf4+ Kg7 60. Kg5 1/2-1/2

[Event "Nakhchivan Open"]
[Site "Nakhchivan AZE"]
[Date "2015.05.10"]
[EventDate "?"]
[Round "9"]
[Result "1/2-1/2"]
[White "Levan Pantsulaia"]
[Black "Abhijeet Gupta"]
[WhiteElo "2603"]
[BlackElo "2603"]
[PlyCount "116"]

1. Nf3 Nf6 2. g3 g6 3. b3 Bg7 4. Bb2 O-O 5. Bg2 d6 6. d4 c5
7. O-O cxd4 8. Nxd4 d5 9. c4 dxc4 10. Na3 cxb3 11. Qxb3 e5
12. Bxb7 Bxb7 13. Qxb7 Qd5 14. Qxd5 Nxd5 15. Ndb5 a6 16. Nd6
Nc6 17. Nac4 Rab8 18. Rfd1 Nd4 19. e3 Ne2+ 20. Kg2 Nec3
21. Rd2 e4 22. Rc1 f5 23. Ba1 Rfd8 24. h3 Rd7 25. Bxc3 Nxc3
26. g4 Rbd8 27. gxf5 gxf5 28. Rdc2 Rxd6 29. Nxd6 Rxd6 30. Rxc3
Rg6+ 31. Kf1 Bxc3 32. Rxc3 Kg7 33. Rc7+ Kh6 34. Rf7 Kg5
35. Rxh7 Rd6 36. Rg7+ Kh4 37. Rh7+ Kg5 38. Ra7 f4 39. Rg7+ Kf6
40. Rh7 Rd2 41. exf4 Rxa2 42. Rh5 Ra3 43. Kg2 e3 44. fxe3 Rxe3
45. Ra5 Rb3 46. Rg5 Ra3 47. h4 Ra2+ 48. Kf3 a5 49. h5 Ra1
50. h6 Rh1 51. Rxa5 Rxh6 52. Ra6+ Kf5 53. Ra5+ Kf6 54. Ke4 Kf7
55. Ra7+ Kf8 56. Kf5 Rb6 57. Kg5 Rc6 58. f5 Rb6 1/2-1/2